NBA Atlantic Division Champions - Statistics

General Stats
  • This quiz has been taken 32 times
    13 since last reset
  • The average score is 39 of 54
Answer Stats
Year Team % Correct
2024 Boston Celtics
91%
2022 Boston Celtics
91%
2017 Boston Celtics
91%
2012 Boston Celtics
91%
2011 Boston Celtics
91%
2010 Boston Celtics
91%
2009 Boston Celtics
91%
2008 Boston Celtics
91%
2005 Boston Celtics
91%
2006 New Jersey Nets
91%
2004 New Jersey Nets
91%
2003 New Jersey Nets
91%
2002 New Jersey Nets
91%
2013 New York Knicks
91%
2021 Philadelphia 76ers
91%
2001 Philadelphia 76ers
91%
2020 Toronto Raptors
91%
2019 Toronto Raptors
91%
2018 Toronto Raptors
91%
2016 Toronto Raptors
91%
2015 Toronto Raptors
91%
2014 Toronto Raptors
91%
2023 Boston Celtics
82%
2007 Toronto Raptors
82%
1988 Boston Celtics
73%
1987 Boston Celtics
73%
1986 Boston Celtics
73%
1985 Boston Celtics
73%
1984 Boston Celtics
73%
1982 Boston Celtics
73%
1981 Boston Celtics
73%
1980 Boston Celtics
73%
1983 Philadelphia 76ers
73%
1992 Boston Celtics
64%
1991 Boston Celtics
64%
1976 Boston Celtics
64%
1975 Boston Celtics
64%
1974 Boston Celtics
64%
1973 Boston Celtics
64%
1972 Boston Celtics
64%
1989 New York Knicks
64%
1990 Philadelphia 76ers
64%
1978 Philadelphia 76ers
64%
1977 Philadelphia 76ers
64%
1994 New York Knicks
55%
1993 New York Knicks
55%
1971 New York Knicks
45%
2000 Miami Heat
36%
1999 Miami Heat
36%
1998 Miami Heat
36%
1997 Miami Heat
36%
1996 Orlando Magic
36%
1995 Orlando Magic
36%
1979 Washington Bullets
36%
No matching quizzes found
Score Distribution
Percent of People with Each Score
Percentile by Number Answered
Your Score History
You have not taken this quiz since the last reset